| 000 | 00681nam a2200217 u 4500 | ||
|---|---|---|---|
| 005 | 20260221063955.0 | ||
| 008 | 110628s2008 r 000 0 eng d | ||
| 020 | _a9788493534509 | ||
| 035 | _aUPN01000181000 | ||
| 049 | _aCG | ||
| 050 | 4 |
_aLB14.7 _bF8.4 2008 |
|
| 100 | 1 | _aFumaroli, Marc | |
| 245 | 1 | 3 |
_aLa educación de la libertad / _cMarc Fumaroli ; epílogo de Carlos García Gual ; tr. Emiliano Manzano. |
| 250 | _a2a ed. | ||
| 260 |
_aBarcelona, Esp. : _bArcadia, _c2008. |
||
| 300 | _a54 p. | ||
| 440 | 0 | _aTravesías | |
| 534 |
_pTraducción de: _tËducation de la liberté vs culture et communication |
||
| 650 | 4 |
_aEducación _xFilosofía _94994 |
|
| 905 | _aLibro | ||
| 999 |
_c153103 _d153103 |
||